Generazioni dei Pokémon - Quiz n°28 - Statistics

Statistiche generali
  • Questo quiz è stato fatto 16 volte
  • Il punteggio medio è 9 su 15
Statistiche sulle risposte
Hint Risposta % Corretto
Rapidash Prima
93%
Totodile Seconda
87%
Gulpin Terza
73%
Glastrier Ottava
67%
Luxray Quarta
67%
Durant Quinta
67%
Archen Quinta
60%
Garbodor Quinta
60%
Sylveon Sesta
60%
Whismur Terza
60%
Tinkatuff Nona
53%
Cetoddle Nona
53%
Hattrem Ottava
53%
Dudunsparce Nona
47%
Hatenna Ottava
47%
Nessun quiz corrispondente trovato
Distribuzione punteggi
Percentuale di utenti per punteggio
Percentile per numero di risposta
I tuoi punteggi nel tempo
Non hai fatto questo quiz